000 00739nam a2200229Ia 4500
003 OSt
005 20220923211146.0
006 a|||||r|||| 00| 0
007 ta
008 220922b |||||||| |||| 00| 0 pan d
020 _a8187476176
_c140
024 _a267,248
037 _b576, 03/02/2012, H.K. Prakashan
_cTextual
040 _aARTS
_cARTS
_bpan
041 _2pan
_apan
082 _aP153:3, Q1
100 _aਦੁਗੱਲ, ਨਰੇਨਦਰ ਸਿੰਘ
_9158913
245 0 _aਪੰਜਾਬੀ ਵਿਆਕਰਨ ਤੇ ਰਚਨਾਵਲੀ
260 _c2011
942 _hP153:3, Q1
_cTEXL
_2CC
999 _c296128
_d296128